000 006280000a22002290004500
003 LK-CoMWRAF
005 20231020103039.0
008 230817t1996 ||||| |||| 00| 0 eng d
020 _a0801985307
040 _aLK-CoMWRAF
_dLK-CoMWRAF
_eLK-CoMWRAF
041 _aeng
082 _a646.2
_bDOD
100 _aDodson, Jackie
245 _aPillows ! Pillows ! Pillows !
260 _bRadnor:
_aChilton Book Company,
_c1996
300 _axvi, 96 p., [4] p. of plates : ill. (some col.) ; 28 cm.
_bIndex included
490 _aSew & serge
650 _aPILLOWS
650 _aSerging
700 _aSaunders, Jan
942 _cBK
999 _c1308
_d1308